| 000 | 01580nam0a2200337 4500 | ||
|---|---|---|---|
| 001 | RU\NLR\bibl\20395 | ||
| 005 | 20250615014748.0 | ||
| 010 |
_a5-88143-055-7 _91000 |
||
| 021 |
_aRU _b99-416 _923 |
||
| 035 | _a(NLR Aleph) 000019880 | ||
| 090 |
_a89820 _c89820 |
||
| 100 | _a19990406d1998 |||y0rusy50 ca | ||
| 101 | 0 | _arus | |
| 102 | _aRU | ||
| 105 | _a||||||||||||| | ||
| 200 | 1 |
_aМоя Петроградская сторона. Люди Петроградской стороны вчера... сегодня... завтра... _eЛучшие работы участников конкурса школьников Петроград. р-на в 1998 г. _f[Под общ. ред. Тариты Л.Г.] _gКом. по образованию мэрии, Науч.-метод. центр управления образованием Петроград. р-на |
|
| 210 |
_aСПб. _cPETROC _d1998 |
||
| 215 |
_a256 с., 20 с. цв. ил. _cил., портр. _d21 |
||
| 606 | 1 |
_aКраеведческая работа _xСредняя школа _yСанкт-Петербург, город _92107072 _3RU\NLR\AUTH\661273756 |
|
| 606 | 0 |
_aКраеведение в школе _yСанкт-Петербург, город _91012744 _3RU\NLR\auth\6668139 |
|
| 686 | _aШ9(2)8 | ||
| 686 | _aЧ421,6(2)385.44 | ||
| 702 | 1 |
_aТарита _bЛ. Г. _4340 |
|
| 801 | 0 |
_aRU _bNLR _c19990406 _gPSBO |
|
| 801 | 1 |
_aRU _bNLR _c19990406 |
|
| 852 |
_aNLR _j99-5/242 |
||
| 942 | _cBOOK | ||
| 980 | _aNB | ||